00759nam a2200205 a 450000100100000000500170001000800410002704000250006808200140009324500230010726001460013030000210027649000120029759000260030950000420033565000280037783000190040595201120042499900170053600002440220240604194808.0110127s1972 dr 000 0 spa d aDO-SdBNPbspacBNPHU a300bC56900aCiencias sociales. aSanto Domingo :bUniversidad Autónoma de Santo Domingo,bDepartamento de sociología de la universidad Autónoma de Santo Domingo,c1972. a319 p. ;c23 cm.1 aColegio aInventariado, 2018/VM aIncluye notas al pie de las páginas 0aCiencias sociales91065 0aColegio943263 0010718PDaPDbPDcCTd2011-01-27iLF1l0o300 C569p24402-10r2020-06-25w2020-06-25yLFPDZNo se presta c23895d23895